000 00670nam a2200241 i 4500
001 C2-0267410
003 PPAK
005 20180727234630.0
008 050915s2002 enk |||| ||||| | eng d
020 _a0751536679
040 _aPPAK
_beng
_cPPAK
_erda
082 0 4 _a181.11
_223
090 0 0 _a181.11
_bKAR
_dG
100 1 _aKarcher, Stephen,
_eauthor
245 1 0 _aSymbols of love :
_bI ching for lovers ...
264 1 _aLondon :
_bLittle, Brown and Company ,
_c2002
300 _aviii, 309 pages ;
_c19 cm
336 _2rdacontent
_atext
337 _2rdamedia
_aunmediated
338 _2rdacarrier
_avolume
650 1 0 _aI Ching. ; Astrology.
942 _ddc
_cB
999 _c76387
_d76387